| Tag |
First Indicator |
Second Indicator |
Subfields |
| LEADER |
00000cam a2200000 4500 |
| 001 |
in00000715049 |
| 005 |
20200418063412.0 |
| 008 |
721121s1962 ohu b 00000 eng u |
| 010 |
|
|
|a 62063752
|
| 035 |
|
|
|a (OCoLC)00500367
|
| 035 |
|
|
|9 ADD6792AM
|
| 040 |
|
|
|c WSU
|d TXA
|d UtOrBLW
|
| 049 |
|
|
|a TXAS [mil]
|
| 050 |
|
0 |
|a E525
|b .C64 1962
|
| 092 |
|
|
|a 977.1
|b C693o
|
| 100 |
1 |
|
|a Coles, Harry Lewis,
|d 1918-1994.
|
| 245 |
1 |
0 |
|a Ohio forms an Army /
|c Harry L. Coles.
|
| 264 |
|
1 |
|a [Columbus] :
|b Ohio State University Press for the Ohio Historical Society,
|c [1962]
|
| 264 |
|
4 |
|c ©1962
|
| 300 |
|
|
|a 26 pages ;
|c 24 cm.
|
| 336 |
|
|
|a text
|b txt
|2 rdacontent
|
| 337 |
|
|
|a unmediated
|b n
|2 rdamedia
|
| 338 |
|
|
|a volume
|b nc
|2 rdacarrier
|
| 490 |
1 |
|
|a Publications of the Ohio Civil War Centennial Commission,
|v no. 5
|
| 504 |
|
|
|a Bibliography: pages 23-26.
|
| 610 |
1 |
0 |
|a United States.
|b Army
|x Recruiting, enlistment, etc.
|y Civil War, 1861-1865.
|
| 651 |
|
0 |
|a Ohio
|x History
|y Civil War, 1861-1865.
|
| 651 |
|
0 |
|a United States
|x History
|y Civil War, 1861-1865
|x Equipment and supplies.
|
| 830 |
|
0 |
|a Publications of the Ohio Civil War Centennial Commission ;
|v no. 5.
|
| 999 |
|
|
|a MARS
|
| 999 |
f |
f |
|s a245c6f8-35b0-33f9-967c-22d5da252e93
|i 3420f28a-b97f-3f7f-b4ec-95d15dbe4041
|t 0
|
| 952 |
f |
f |
|p noncirc
|a Texas A&M University
|b College Station
|c Cushing Memorial Library & Archives
|d Cushing: Ragan Military (Does not check out)
|t 0
|e E525 .C64 1962
|h Library of Congress classification
|i unmediated -- volume
|m A14851942004
|
| 998 |
f |
f |
|a E525 .C64 1962
|t 0
|l Cushing: Ragan Military (Does not check out)
|